000
00479nam a2200145Ia 4500
008
100204s9999 xx 000 0 und d
082
_b
24384
100
_a
जोशी प्रकाश
245
_a
अंटार्क्टिका
260
_b
"ग्रंथाली ज्ञानयज्ञ , मुंबई"
_c
2000
300
_a
87
630
_a
अंटार्क्टिका
730
_a
अंटार्क्टिका
942
_c
BOOK
999
_c
469565
_d
469562